| 000 | 00573nmc a2200229 a 4500 | ||
|---|---|---|---|
| 003 | AR-BaBNM | ||
| 005 | 20251128203223.0 | ||
| 008 | 117019s1956 ||||||||||||||000 | spa|| | ||
| 040 | _cAR-BaBNM | ||
| 100 | 1 | _aSalgari, Emilio | |
| 245 | 1 | 0 | _aLos tigres de Malasia |
| 260 |
_aBuenos Aires _bTor _c1956 |
||
| 300 |
_a123 p. _bil. |
||
| 490 | 0 |
_aBiblioteca Salgari. Sandokán _vv. 6 |
|
| 650 | 4 | _aLIBROS PARA NINOS | |
| 650 | 4 | _aLITERATURA INFANTIL | |
| 650 | 4 | _aESCRITORES | |
| 653 | _aNOVELA DE AVENTURAS | ||
| 655 | _aLITERATURA | ||
| 942 | _cBK | ||
| 998 | _cMARTIN | ||
| 999 |
_c2452 _d2452 |
||